| 000 | 01064nam a2200337 i 4500 | ||
|---|---|---|---|
| 001 | bg | ||
| 003 | BPK | ||
| 005 | 20200107102143.0 | ||
| 008 | 000210s1999 pl a f |001 0 pol | ||
| 015 | _aPB 2000/9962 | ||
| 020 | _a8371582080 | ||
| 035 | _a(OCoLC)830220194 | ||
| 040 |
_aWA N _cWA N |
||
| 041 | 0 | _apol | |
| 080 | _a004.42 | ||
| 080 | _a004.92 | ||
| 080 | _a(07) | ||
| 100 | 1 |
_aJaskulski, Andrzej _eAutor |
|
| 245 | 1 | 0 |
_aAutoCAD 2000 : _bwersja polska i angielska : kurs pierwszego stopnia / _cAndrzej Jaskulski. |
| 260 |
_aWarszawa : _b"Mikom", _c1999. |
||
| 300 |
_a645 s. : _bil. ; _c24 cm + _eCD-ROM. |
||
| 504 | _aIndeks. | ||
| 655 | 4 |
_aRysunek techniczny _xoprogramowanie. |
|
| 650 | 4 | _aProgramy graficzne | |
| 650 | 4 |
_aProjektowanie wspomagane komputerowo _xoprogramowanie. |
|
| 650 | 4 | _aAutoCAD | |
| 655 | 4 | _aPodręcznik | |
| 710 | 2 |
_aWydawnictwo Mikom _4pbl. |
|
| 856 |
_uhttp://koha.tu.koszalin.pl/cgi-bin/koha/opac-detail.pl?biblionumber=36038 _yKatalog online BPK |
||
| 942 |
_2UKD _cKS |
||
| 999 |
_c36038 _d36038 |
||